000 00568nam a2200157 a 4500
001 000039731
005 20201002033714.0
008 130718s2003 xxu 000 0 spa d
020 _a081664165X
040 _aDO-SdBNP
_bspa
_cBNPHU
100 1 _aWeissberger, Barbara F.
_965927
245 1 0 _aIsabel Rules : constructing queenship, wielding power / :
_bconstructing queenship, wielding power /
_cBarbara F. Weissberger.
260 _aLondon :
_bUniversity of Minnesota Press,
_c2003.
300 _a326 p. ;
_c24 cm.
500 _aIncluye notas y referencias bibliográficas
999 _c39221
_d39221